00461nam a22001577a 450000500170000000800410001702000250005805000200008310000160010324500490011926000290016830000100019750000220020765000570022970000170028620251205113055.0251205b |||||||| |||| 00| 0 eng d a13:978-0-495-11505-2 aQH 317.P47 2009 aPERRY JAMES aLABORATORY MANUAL FOR MAJORS GENERAL BIOLOGY aAUSTRALIAbCENGAGEc2009 aX,700 aINCLUDES APPENDIX aBiology labaratory manuals-life sciences experiments aMORTON DAVID